Radical markets alebo sloboda cez aukcie a demokracia na druhú

Recenzia na knihu ktorá sa dotýka skutočne najdiskutovanejších otázok v ekonomicko-politických diskusiách dneška.

Salvato in:
Dettagli Bibliografici
Autore principale: Nežinský, Eduard, 1972-
Natura: Capitolo di libro
Lingua:slovacco
Soggetti:
Tags: Aggiungi Tag
Nessun Tag, puoi essere il primo ad aggiungerne!!

MARC

LEADER 00000naa a2200000 4500
001 0250982
005 20240502074026.1
041 0 |a slo 
044 |a SK 
245 1 0 |a Radical markets alebo sloboda cez aukcie a demokracia na druhú  |c Eduard Nežinský 
520 |a Recenzia na knihu ktorá sa dotýka skutočne najdiskutovanejších otázok v ekonomicko-politických diskusiách dneška. 
610 2 0 |a recenzie 
610 2 0 |a sloboda 
610 2 0 |a demokracia 
610 2 0 |a politika 
610 2 0 |a teórie ekonomické 
100 1 |a Nežinský, Eduard, 1972-